| 000 | 00710nam a2200277Ia 4500 | ||
|---|---|---|---|
| 001 | 3723 | ||
| 005 | 20240113233648.0 | ||
| 007 | ta | ||
| 008 | 050602s 197 g b000 u eng u | ||
| 020 | _a0-210-22586-6 | ||
| 040 | _aCotton College,Assam | ||
| 041 | _aeng | ||
| 082 |
_a530.1 _bP 973 Sp |
||
| 100 | _aPuri, S.P. . | ||
| 245 | 0 |
_aSpacial Theory of Relativity / _cS.P. Puri. _hTextual Documents |
|
| 250 | _a1st ed. / | ||
| 260 |
_aBombay : _bAsia Publishing House , _cC 1972. |
||
| 300 |
_axii, 288p. ; _c22cm. |
||
| 504 | _aIndex | ||
| 653 | _aMathematics | ||
| 653 | _aRelativity | ||
| 653 | _aPG-Mathematics | ||
| 942 |
_2ddc _cBK |
||
| 999 |
_c3711 _d3711 |
||